000 00935nam a2200277Ia 4500
003 OSt
005 20220918171450.0
006 a|||||r|||| 00| 0
007 ta
008 220917b |||||||| |||| 00| 0 eng d
020 _a9781841137681 (hbk)
_c3960.55
024 _a236,931
037 _bIN512, 01/01/2009, Satyam Books
_cTextual
040 _aARTS
_cARTS
_beng
041 _2eng
_aeng
082 _aW:511, P7
100 _aHalliday Terence C
_936783
245 0 _aFighting for political freedom
_b Comparative studies of the legal complex and political liberalism
260 _aOxford
_bHart Publishing U.S.A
_c2007
300 _axii, 508p.
_ccm.
650 _aPOLITICAL SCIENCE
700 _a Feeley Malcolm M
_936784
700 _a Karpik Lucien
_936785
942 _hW:511, P7
_cTEXL
_2CC
999 _c139694
_d139694